Cuatro años en Méjico (Record no. 98664)

MARC details
000 -LEADER
campo de control de longitud fija 00768nam a22002055i 4500
001 - NÚMERO DE CONTROL
campo de control 98664
003 - IDENTIFICADOR DE NÚMERO DE CONTROL
campo de control ES-MaACL
005 - FECHA Y HORA DE LA ÚLTIMA TRANSACCIÓN
campo de control 20231221145743.0
007 - CAMPO FIJO DE DESCRIPCIÓN FÍSICA--INFORMACIÓN GENERAL
campo de control de longitud fija t|
008 - DATOS DE LONGITUD FIJA--INFORMACIÓN GENERAL
campo de control de longitud fija 950920s1885 sp ||||1| spa d
040 ## - FUENTE DE CATALOGACIÓN
Centro catalogador/agencia de origen CAM
Lengua de catalogación spa
Centro/agencia transcriptor CAM
100 1# - ENTRADA PRINCIPAL--NOMBRE DE PERSONA
Nombre de persona Elices Montes, Ramón.
9 (RLIN) 46987
245 10 - MENCIÓN DEL TÍTULO
Título Cuatro años en Méjico
Resto del título : memorias íntimas de un periodista español /
Mención de responsabilidad, etc. por Ramón Elices Montes; con un prólogo de Emilio Castelar y [Ripoll].
260 ## - PUBLICACIÓN, DISTRIBUCIÓN, ETC.
Lugar de publicación, distribución, etc. Madrid :
Nombre del editor, distribuidor, etc. [s.n.],
Fecha de publicación, distribución, etc. 1885 (
Fabricante Imp. de la Viuda de J.M. Pérez)
300 ## - DESCRIPCIÓN FÍSICA
Extensión XXIV, 384 p., [1] h. de lám. ;
Dimensiones 18 cm.
500 ## - NOTA GENERAL
Nota general En port. consta "tomo I", pero sólo se publicó éste.
700 1# - ENTRADA AGREGADA--NOMBRE PERSONAL
Nombre de persona Castelar, Emilio,
Fechas asociadas al nombre 1832-1899
9 (RLIN) 36479
852 ## - LOCALIZACIÓN
Ubicación ES-MaACL
Número de control de estantería G-11681
Holdings
Estatus retirado Estado de pérdida Estado de daño No para préstamo Colección Biblioteca de origen Biblioteca actual Ubicación en estantería Fecha de adquisición Fuente de adquisición Total de préstamos Signatura topográfica completa Código de barras Visto por última vez Precio de reemplazo Tipo de ítem Koha
        Libros del s. XIX Biblioteca del Ateneo de Madrid Biblioteca del Ateneo de Madrid Sala Pecera Planta 3 17/01/2008     G-11681 1103002 23/02/2023 23/02/2023 Libro impreso antiguo